|
|
|
|
| LEADER |
02086nam a2200469 i 4500 |
| 001 |
EBC5495423 |
| 003 |
MiAaPQ |
| 005 |
20200520144314.0 |
| 006 |
m o d | |
| 007 |
cr cnu|||||||| |
| 008 |
180912s1994 gw ob 101 0 ger d |
| 020 |
|
|
|z 9783486560695
|
| 020 |
|
|
|a 9783486594294 (e-book)
|
| 035 |
|
|
|a (MiAaPQ)EBC5495423
|
| 035 |
|
|
|a (Au-PeEL)EBL5495423
|
| 035 |
|
|
|a (OCoLC)1049911927
|
| 040 |
|
|
|a MiAaPQ
|b eng
|e rda
|e pn
|c MiAaPQ
|d MiAaPQ
|
| 050 |
|
4 |
|a HQ999.E85
|b .I55 1994
|
| 082 |
0 |
|
|a 346.4017
|2 23
|
| 245 |
0 |
0 |
|a Illegitimitat im Spatmittelalter /
|c herausgegeben von Ludwig Schmugge ; unter Mitarbeit von Beatrice Wiggenhauser.
|
| 264 |
|
1 |
|a Munchen :
|b R. Oldenbourg Verlag,
|c [1994]
|
| 264 |
|
4 |
|c 1994
|
| 300 |
|
|
|a 1 online resource (x, 314 pages).
|
| 336 |
|
|
|a text
|b txt
|2 rdacontent
|
| 337 |
|
|
|a computer
|b c
|2 rdamedia
|
| 338 |
|
|
|a online resource
|b cr
|2 rdacarrier
|
| 490 |
1 |
|
|a Schriften des Historischen Kollegs., Kolloquien ;
|v 29
|
| 500 |
|
|
|a Papers from a conference held Apr. 6-9, 1992 in the Kaulbach-Villa.
|
| 500 |
|
|
|a German and English.
|
| 504 |
|
|
|a Includes bibliographical references index.
|
| 588 |
|
|
|a Description based on print version record.
|
| 590 |
|
|
|a Electronic reproduction. Ann Arbor, MI : ProQuest, 2018. Available via World Wide Web. Access may be limited to ProQuest affiliated libraries.
|
| 650 |
|
0 |
|a Illegitimacy
|z Europe
|x History
|v Congresses.
|
| 650 |
|
0 |
|a Social history
|y Medieval, 500-1500
|v Congresses.
|
| 651 |
|
0 |
|a Europe
|x Social conditions
|y To 1492
|v Congresses.
|
| 655 |
|
4 |
|a Electronic books.
|
| 700 |
1 |
|
|a Schmugge, Ludwig,
|e editor.
|
| 700 |
1 |
|
|a Wiggenhauser, Beatrice,
|e contributor.
|
| 776 |
0 |
8 |
|i Print version:
|t Illegitimitat im Spatmittelalter.
|d Munchen : R. Oldenbourg Verlag, c1994
|h x, 314 pages
|k Schriften des Historischen Kollegs. Kolloquien ; 29.
|z 9783486560695
|w (DLC) 94229157
|
| 797 |
2 |
|
|a ProQuest (Firm)
|
| 830 |
|
0 |
|a Schriften des Historischen Kollegs.
|p Kolloquien ;
|v 29.
|
| 856 |
4 |
0 |
|u https://ebookcentral.proquest.com/lib/matrademy/detail.action?docID=5495423
|z Click to View
|